| 000 | 00639nam a22001937a 4500 | ||
|---|---|---|---|
| 005 | 20140728115715.0 | ||
| 010 | _aENG-110076 | ||
| 020 |
_a9789380607979 _c98.00 |
||
| 035 | _aEN-93609 | ||
| 037 | _bDBAD/PUB | ||
| 082 | _a880.8 | ||
| 245 |
_aIndian writing in English : _cedited by Anjana Neira Dev [and] Amrita Bhalla _ban anthology of prose and poetry selections / |
||
| 260 |
_aDelhi _bPrimus Books _c2013 |
||
| 270 |
_aVirat Bhavan, Mukherjee Nagar Commercial Complex _bDelhi _e110009 |
||
| 300 |
_avi,179p. _c22cm(pbk) |
||
| 700 | _aAnjana Neira Dev | ||
| 700 | _aBhalla,Amrita | ||
| 942 |
_2ddc _cEN _mIND _h880.8 |
||
| 999 |
_c84508 _d84508 |
||